| 000 | 01276nam a2200253Ia 4500 | ||
|---|---|---|---|
| 003 | OSt | ||
| 005 | 20220930094853.0 | ||
| 006 | a|||||r|||| 00| 0 | ||
| 007 | ta | ||
| 008 | 220926b |||||||| |||| 00| 0 hin d | ||
| 024 | _a32366 | ||
| 037 | _cTheses | ||
| 040 |
_aCRL _cCRL _bhin |
||
| 041 |
_2hin _ahin |
||
| 100 |
_aश्रीवास्तव, प्रीति, ले. _9156389 |
||
| 110 |
_aदिल्ली विश्वविद्यालय. कला संकाय. संगीत एवं ललित कला _9556498 |
||
| 245 | 0 | _aबीसवीं शताब्दी के मुख्य सितार कलाकारों की वादन शैली तथा परम्परा का विश्लेषणात्मक अध्ययन | |
| 246 | _aBīsavīan shatābdī ke mukhya sitār kalākāroan kī vādan shailī tathā paramparā kā vishleṣhaṇātmak adhyayana | ||
| 260 | _c2015 | ||
| 300 |
_a234पृ. _ap. _ccm. |
||
| 700 |
_aदिल्ली विश्वविद्यालय. कला संकाय. संगीत एवं ललित कला _9556499 |
||
| 942 |
_cDIS _2CC |
||
| 999 |
_c887820 _d887820 |
||